| 000 | 00508nam a2200181 i 4500 | ||
|---|---|---|---|
| 001 | 102613 | ||
| 003 | ES-MaACL | ||
| 005 | 20230906183138.0 | ||
| 007 | t| | ||
| 008 | 051123s1984 pr ||||1| spa d | ||
| 080 | _a821.134.2(729.1)-14"19" | ||
| 100 | 1 |
_aNogales Vallejo, Ebaldo. _985845 |
|
| 245 | 1 | 0 |
_aAntillas tuyas y mías / _cEbaldo Nogales Vallejo. |
| 250 | _a1ª ed. | ||
| 260 |
_aPuerto Rico : _bQuibú, _c[1984] |
||
| 300 |
_a88 p. : _bil. ; _c22 cm. |
||
| 852 |
_aES-MaACL _jE-11091 _bR.136813 |
||
| 999 |
_c102613 _d102613 |
||